Classifica Marcatori Europei di Calcio 2020 - Statistics

Statistiche generali
  • Questo quiz è stato fatto 336 volte
  • Il punteggio medio è 8 su 13
Statistiche sulle risposte
Gol Nazione Calciatore % Corretto
5 Portogallo Cristiano Ronaldo
100%
4 Belgio Romelu Lukaku
97%
4 Inghilterra Harry Kane
96%
5 Repubblica Ceca Patrik Schick
75%
3 Spagna Álvaro Morata
73%
3 Polonia Robert Lewandowski
70%
4 Francia Karim Benzema
61%
3 Svizzera Xherdan Shaqiri
54%
3 Inghilterra Raheem Sterling
42%
4 Svezia Emil Forsberg
37%
3 Svizzera Haris Seferović
27%
3 Danimarca Kasper Dolberg
22%
3 Paesi Bassi Georginio Wijnaldum
8%
Nessun quiz corrispondente trovato
Distribuzione punteggi
Percentuale di utenti per punteggio
Percentile per numero di risposta
I tuoi punteggi nel tempo
Non hai fatto questo quiz